BIBLIOTECA

SENCICO

Living in Mexico (Registro nro. 3743)

Detalles MARC
000 -LEADER
fixed length control field 00755nam a22002417a 4500
003 - CONTROL NUMBER IDENTIFIER
control field PE SENCICO BE
005 - DATE AND TIME OF LATEST TRANSACTION
control field 20251020182624.0
008 - FIXED-LENGTH DATA ELEMENTS--GENERAL INFORMATION
fixed length control field 230104b |||||||| |||| 00| 0 eng d
040 ## - CATALOGING SOURCE
Original cataloging agency PE SENCICO BE
Transcribing agency PE SENCICO BE
041 ## - LANGUAGE CODE
Language code of text/sound track or separate title spa
082 ## - DEWEY DECIMAL CLASSIFICATION NUMBER
Classification number 720.972
Item number L
245 1# - TITLE STATEMENT
Title Living in Mexico
260 ## - PUBLICATION, DISTRIBUTION, ETC.
Place of publication, distribution, etc. Koln:
Name of publisher, distributor, etc. Taschen,
Date of publication, distribution, etc. 2004
300 ## - PHYSICAL DESCRIPTION
Extent [11], 431 p.
Other physical details il. col., lams.;
Dimensions 20 cm.
650 14 - SUBJECT ADDED ENTRY--TOPICAL TERM
9 (RLIN) 49
Topical term or geographic name entry element Arquitectura
Geographic subdivision México
650 24 - SUBJECT ADDED ENTRY--TOPICAL TERM
9 (RLIN) 77
Topical term or geographic name entry element Viviendas
Geographic subdivision México
650 24 - SUBJECT ADDED ENTRY--TOPICAL TERM
9 (RLIN) 44
Topical term or geographic name entry element Diseño de interiores
Geographic subdivision México
700 1# - ADDED ENTRY--PERSONAL NAME
9 (RLIN) 392
Personal name Stoeltie, René
Relator term fotos y textos
700 1# - ADDED ENTRY--PERSONAL NAME
9 (RLIN) 393
Personal name Stoeltie, Barbara
Relator term fotos y textos
700 1# - ADDED ENTRY--PERSONAL NAME
9 (RLIN) 394
Personal name Taschen, Angelika
Relator term editora
910 ## - USER-OPTION DATA (OCLC)
-- hfp
-- hfp
942 ## - ADDED ENTRY ELEMENTS (KOHA)
Source of classification or shelving scheme Dewey Decimal Classification
Koha item type Libros
Classification part 720.972
Item part L
Existencias
Fecha de la última vez que lo usaron Número de ingreso o de inventario Pago total Signatura topográfica completa Precio efectivo desde Tipo de documento Estado perdido Sistema de clasificación Estado dañado No es para préstamo Retirado Ubicación permanente Ubicación actual Fecha de adquisición
04/01/2023 16579   720.972/L 04/01/2023 Libros   Dewey Decimal Classification       Biblioteca Central Lima Biblioteca Central Lima 04/01/2023